MARC details
| 000 -LEADER |
| fixed length control field |
01723nam a2200325 a 4500 |
| 008 - FIXED-LENGTH DATA ELEMENTS--GENERAL INFORMATION |
| fixed length control field |
170526s2014 ||||||||||||||||| || u |
| 010 ## - LIBRARY OF CONGRESS CONTROL NUMBER |
| LC control number |
2013935446 |
| 020 ## - INTERNATIONAL STANDARD BOOK NUMBER |
| International Standard Book Number |
9781446253359 |
| 020 ## - INTERNATIONAL STANDARD BOOK NUMBER |
| International Standard Book Number |
1446253368 (pbk.) |
| 020 ## - INTERNATIONAL STANDARD BOOK NUMBER |
| International Standard Book Number |
9781446253366 (pbk.) |
| 020 ## - INTERNATIONAL STANDARD BOOK NUMBER |
| International Standard Book Number |
144625335X |
| 050 ## - LIBRARY OF CONGRESS CALL NUMBER |
| Classification number |
BF 636.67 Dan |
| 100 ## - MAIN ENTRY--PERSONAL NAME |
| Personal name |
Ross, Alistair |
| 245 10 - TITLE STATEMENT |
| Title |
Research Ethics for Counsellors, Nurses and Social Workers |
| Statement of responsibility, etc. |
Dee Danchev & Alistair Ross |
| Medium |
[unmediated] |
| 260 ## - PUBLICATION, DISTRIBUTION, ETC. |
| Place of publication, distribution, etc. |
Los Angeles |
| Name of publisher, distributor, etc. |
SAGE Publications |
| Date of publication, distribution, etc. |
2014 |
| 300 ## - PHYSICAL DESCRIPTION |
| Extent |
x, 142 pages : illustrations |
| 350 ## - |
| -- |
44.00 |
| 500 ## - GENERAL NOTE |
| General note |
Includes bibliographical references and index. Text in English |
| 505 ## - |
| -- |
The researcher : researching and developing ourselves -- The participant : responsibility, care and consideration -- Relational ethics : the relationship between the researcher and the participant -- Establishing trust : the fundamental ingredients -- Research dilemmas, decisions and details -- Research ethics committees : structures and procedures -- The social and political contexts of research and the ethics of dissemination. |
| 650 #0 - SUBJECT ADDED ENTRY--TOPICAL TERM |
| Topical term or geographic name entry element |
NURSING ETHICS -STUDY AND TEACHING |
| 650 #0 - SUBJECT ADDED ENTRY--TOPICAL TERM |
| Topical term or geographic name entry element |
SOCIAL WORKERS -PROFESSIONAL ETHICS - STUDY AND TEACHING |
| 650 #0 - SUBJECT ADDED ENTRY--TOPICAL TERM |
| Topical term or geographic name entry element |
COUNSELORS - PROFESSIONAL ETHICS -STUDY AND TEACHING |
| 650 #7 - SUBJECT ADDED ENTRY--TOPICAL TERM |
| Topical term or geographic name entry element |
COUNSELORS - PROFESSIONAL ETHICS |
| Source of heading or term |
fast |
| 650 #0 - SUBJECT ADDED ENTRY--TOPICAL TERM |
| Topical term or geographic name entry element |
RESEARCH -MORAL AND ETHICAL ASPECTS - STUDY AND TEACHING |
| 650 #7 - SUBJECT ADDED ENTRY--TOPICAL TERM |
| Topical term or geographic name entry element |
NURSING ETHICS |
| Source of heading or term |
fast |
| 650 #3 - SUBJECT ADDED ENTRY--TOPICAL TERM |
| Topical term or geographic name entry element |
ETHICS - RESEARCH |
| 700 ## - ADDED ENTRY--PERSONAL NAME |
| Personal name |
Danchev, Dee |
| 995 ## - |
| -- |
MEDICAL LIBRARY OPEN ACCESS |
| -- |
904039 |
| -- |
CBU-SCHOOL OF MEDICINE LIBRARY (Ndola) |
| -- |
44.00 |
| -- |
BF 636.67 Dan |
| -- |
1 |
| -- |
AVAILABLE |
| -- |
May 26, 2017 |
| -- |
904039 |
| -- |
Medical Library Open Access Collection |
| 999 ## - |
| -- |
32604 |
| -- |
32604 |